[Event "CAN-ch U10 Girls"]
[Site "Windsor"]
[Date "2016.07.07"]
[Round "4.108"]
[White "Calugar, Alice"]
[Black "Boucher, Anne Marie"]
[Result "1-0"]
[WhiteElo "885"]
[BlackElo "915"]
[PlyCount "83"]
[EventDate "2016.07.05"]
[EventType "swiss"]
[EventRounds "7"]
[EventCountry "CAN"]
[SourceTitle "EXT 2022"]
[Source "ChessBase"]
[SourceDate "2021.10.06"]
[SourceVersion "1"]
[SourceVersionDate "2021.10.06"]
[SourceQuality "1"]

1. e4 e5 2. Nf3 Nc6 3. Bc4 d6 4. d4 Nf6 5. Nc3 Be7 6. dxe5 Ng4 7. exd6 cxd6 8. Bf4 Qb6 9. 0-0 Qc5 10. Bb3 Qh5 11. Bxd6 Bxd6 12. Qxd6 f6 13. Ba4 Nh6 14. Bxc6+ bxc6 15. Qxc6+ Bd7 16. Qxa8+ Kf7 17. Qxh8 f5 18. Ne5+ Ke6 19. Nxd7 Kxd7 20. Qxg7+ Ke6 21. exf5+ Kxf5 22. Qxh7+ Kg5 23. Qe7+ Kg4 24. Qe2+ Kg5 25. Qxh5+ Kxh5 26. f4 Ng4 27. f5 Kh4 28. Rf4 Kg5 29. Rxg4+ Kxg4 30. f6 Kg5 31. f7 a5 32. f8Q a4 33. Qf3 a3 34. bxa3 Kg6 35. Qf4 Kh7 36. Qg5 Kh8 37. Kf2 Kh7 38. Kf3 Kh8 39. Kf4 Kh7 40. Kf5 Kh8 41. Kf6 Kh7 42. Qg7# 1-0